Proceedings of the International conference on quantitative genetics (Record no. 29888)

MARC details
000 -LEADER
fixed length control field 00378nam a2200133Ia 4500
082 ## - DEWEY DECIMAL CLASSIFICATION NUMBER
Classification number 575(06)
Item number POL
100 ## - MAIN ENTRY--AUTHOR NAME
Personal name BAILEY, Thedore B
245 #0 - TITLE STATEMENT
Title Proceedings of the International conference on quantitative genetics
260 ## - PUBLICATION, DISTRIBUTION, ETC. (IMPRINT)
Place of publication Ames
Name of publisher Iowa
Year of publication 1977
650 ## - SUBJECT ADDED ENTRY--TOPICAL TERM
Topical Term Quantitative genetics
700 ## - ADDED ENTRY--PERSONAL NAME
Personal name POLLAK, Edward
942 ## - ADDED ENTRY ELEMENTS (KOHA)
Koha item type Books
Holdings
Withdrawn status Lost status Damaged status Not for loan Home library Current library Date acquired Full call number Accession Number Koha item type
        RRII Library RRII Library 16/12/2021 575(06) POL 10468 Books